| 000 | 00930nam a22002897a 4500 | ||
|---|---|---|---|
| 001 | 00008904 | ||
| 003 | DO-SdBPM | ||
| 005 | 20250617085417.0 | ||
| 007 | 00008904 | ||
| 008 | 160607b2005 ag a |||| 00| 0 spa d | ||
| 020 | _a9788497772303 | ||
| 040 |
_aDO-SdBPM _bspa _cBPMSU |
||
| 082 | 4 |
_a813.5 _bF533c 2005 _222 |
|
| 100 | 1 | _aFisher, Robert | |
| 240 | 1 | 0 |
_aKnight in rusty armor _lEspañol. |
| 245 | 1 | 3 |
_aEl caballero de la armadura oxidada / _cRobert Fisher ; traducción Verónica d'Ornellas Radziwill. |
| 250 | _a24a ed. | ||
| 260 |
_aBuenos Aires, Argentina : _bEdicione Obelisco, _c2005 |
||
| 300 |
_a108 p. : _bil. ; _c21 cm. |
||
| 490 | 0 | _aNueva consciencia | |
| 590 | _aInventariado,2025/VM | ||
| 650 | 4 | _aNovela estadounidenses | |
| 650 | 4 |
_aConducta (Ética) _v Novela |
|
| 700 | 1 |
_aD'Ornellas Radziwill, Verónica, _ftraductor |
|
| 910 | _aVMateo V. Control de calidad. BPMSU | ||
| 942 |
_2ddc _cBK |
||
| 999 |
_c10294 _d10294 |
||